000 00577nam a22001937a 4500
005 20251108175335.0
008 250721s2015 xx 000 0 ara d
082 1 4 _a364.16/عبا
100 1 _aالعبادي، محمد حميد الرصيفان
245 1 0 _aالجرائم المستحدثة في ظل العولمة /
264 1 _aعمان :
_bدار جليس الزمان،
_c2015.
300 _a470ص.
650 1 7 _aالعولمة
650 1 7 _aالجرائم
650 1 7 _aالمعلومات
650 1 7 _aالتجسس
942 _2ddc
_cBK
999 _c131829
_d131829